000 02469cam a2200385 i 4500
003 SA_RiAUC
005 20250409063656.0
008 250408s2011____su o g 001 0 ara c
024 0 _a00000000301298
040 _aIMAM
_bara
_cSA-RiAUC
_dKAC
_erda
041 1 _aara
_heng
043 _aa-su---
_aa-ii---
082 0 4 _a915.312104
_qSA-RiAUC
090 _a915.312104
_b ب ي ر
100 1 _aبيرسون، مايكل ن.
_q(مايكل نايلور)،
_d1941-
_eمؤلف.
240 1 4 _aThe Indian experience, 1500-1800 : pilgrimage to Mecca.
_lArabic
245 1 2 _aالحج إلى مكة :
_bالخبرة الهندية (1500-1800) /
_cمايكل ن. بيرسون ؛ ترجمة أ. د. محمد خليفة حسن ؛ إشراف أ. د. أبو بكر أحمد باقادر.
250 _aالطبعة الأولى.
264 1 _aجدة، السعودية :
_bدار كنوز المعرفة،
_c2011
300 _a300 صفحة :
_bصور ؛
_c24 × 17 سم
336 _aنص
_btxt
_2rdacontent
_3كتاب
337 _aبدون وسيط
_bn
_2rdamedia
338 _aمجلد
_bnc
_2rdacarrier
500 _aالغلاف : هوساك.
500 _aكشافات : صفحة 289-295.
504 _aببليوجرافية : صفحة 265-287.
505 0 _aالمحتويات : مقدمة الطبعة العربية-تمهيد-الفصل الأول : المقدمة-الفصل الثاني : الحج في أوائل العصر الحديث-الفصل الثالث : مركزية الحج-الفصل الرابع : سياسات الحج-الفصل الخامس : المغول والحج-الفصل السادس : الأبعاد الاقتصادية للحج : الطريق البرية-الفصل السابع : الأبعاد الاقتصادية للحج : الطريق البحرية-الفصل الثامن : اقتصاد مكة-الفصل التاسع : الخاتمة-المصادر والمراجع-فهرس الأعلام-فهرس البلدان والأماكن والمواضع.
650 7 _aالحج
_2aucsh
651 7 _aمكة المكرمة
_xوصف ورحلات
_2aucsh
700 1 _aحسن، محمد خليفة،
_d1943-
_eمترجم.
700 1 _aباقادر، أبو بكر أحمد،
_d1369 هجري-
_eمشرف.
700 1 2 _iترجمة لـ :
_aبيرسون، مايكل ن.
_q(مايكل نايلور)،
_d1941-.
_tThe Indian experience, 1500-1800 : pilgrimage to Mecca
942 _2ddc
_cBOOK
_n0
949 _aSA-JeALM
_d250408
_uosman123
_n1
999 _c6789
_d6789